00497nam a2200145Ia 4500020001800000082002100018245007900039260004000118300001300158500003600171504003600207650004400243650004000287700002400327 a9788180695742 a307.1416095 INS- 0aInside the transforming urban Asia: processes, policies and public actions aNew DelhibConcept Publishingc2008 axxx, 650 aincludes bibliography and index aincludes bibliography and index aUrban policyvIndiavChinavAsiavIndia aGlobalisationvSocial aspectsvAsia aMahadevia, Darshini